Análisis de la eficiencia de la producción de la palnta CO2

El trabajo consiste a la baja eficiencia de producción en la planta y otros problemas operacionales que se confrotaban se solicitó parte de la empresa la realizacion del presente estudio con el objetivo de tecnologia de la planta de equipamento.

Bibliographic Details
Main Authors: Chiong Baldizon, Martha V., Cuadra Ferrey, Rolando.
Other Authors: Tutor: Pire Rivas, Saturnino
Format: Tesis Section = Libro
Language:Undetermined
Spanish
Published: Managua UNI 1983
Subjects:
LEADER 00957nam a2200229Ia 4500
008 240830s9999 xx 000 0 und d
040 |a CEDOC DACA-RUSB / Mon 665.89 C539 
041 |a spa 
082 |a Mon 665.89 C539 
100 1 |a Chiong Baldizon, Martha V. 
100 1 |b Cuadra Ferrey, Rolando. 
245 1 0 |a Análisis de la eficiencia de la producción de la palnta CO2 
260 |a Managua  |b UNI  |c 1983 
502 |a Tesis (Ingeniero Químico Industrial) -UNI, 1983. 
520 3 |a El trabajo consiste a la baja eficiencia de producción en la planta y otros problemas operacionales que se confrotaban se solicitó parte de la empresa la realizacion del presente estudio con el objetivo de tecnologia de la planta de equipamento. 
650 7 |a TECNOLOGIA DE ACEITES - GRASAS – CERAS 
650 7 |b  GASES INDUSTRIALES. 
650 7 |c  DIOXIDO DE CARBONO 
700 1 |a Tutor:  |b  Pire Rivas, Saturnino 
942 |c BK  |2 ddc 
991 |a TESIS 
999 |c 26276